| 000 | 00412nam a2200157 a 4500 | ||
|---|---|---|---|
| 005 | 20140412111326.0 | ||
| 008 | 110128s19uu xx 00 eng d | ||
| 020 | _a0-590-53549-8 | ||
| 050 |
_aM 745.54 _bG914 1995 |
||
| 100 | _aGross, Gay Merrill | ||
| 245 |
_aEasy Origami. / _cGay Merrill Gross. |
||
| 260 |
_aU.S.A : _bScholastic, _c1995. |
||
| 300 | _a72p. | ||
| 440 | _aInstructor books | ||
| 999 |
_c104660 _d104660 |
||